Android: programación de dispositivos móviles a través de ejemplos

Guardat en:
Dades bibliogràfiques
Autor principal: Amaro Soriano, José Enrique (Autor)
Format: Llibre
Idioma:espanyol
Publicat: Cuernavaca Alfaomega 2012
Matèries:
Etiquetes: Afegir etiqueta
Sense etiquetes, Sigues el primer a etiquetar aquest registre!

MARC

LEADER 00000cam a2200000 a 4500
001 UCF9487
003 CL-VaPUC
008 131125e20120000mx |||||||||||||||||spa|d
020 |a 9786077073703 
082 0 4 |a 005.265  |b AMA  |2 21 
100 0 |a Amaro Soriano, José Enrique  |e author  |9 571809 
245 1 0 |a Android: programación de dispositivos móviles a través de ejemplos 
300 |a 267 p 
942 |c BK 
945 |d 20131125 03:22:00  |a dcastane 
260 |a Cuernavaca  |b Alfaomega  |c 2012 
650 0 |a Internet   |9 254823 
650 0 |a Android  |9 571810 
650 0 |a Web  |9 434093 
650 0 |a Servicios web  |9 571811 
650 0 |a Telefonía móvil   |9 471402 
650 0 |a Software  |9 387312 
583 |a last modification  |c 20131125 03:22:00  |k Rodrigo Vera 
999 |c 353930  |d 353928 
952 |0 0  |1 0  |3 erb  |4 0  |6 005_265000000000000_AMA_2012  |7 0  |8 A  |9 459385  |a BIBING  |b BIBING  |i 5030153  |o 005.265 AMA 2012  |p 5030153  |r 2025-01-20  |w 2019-11-23  |y BK  |z Catalogado en:20131125  |k CCI